1740 1453 1286 1747 1695 1917 1811 1128 1859 1542 1379 1471 1055 1444 1161 1269 1127 1395 1842 1228 1901 1530 1792 1277 1720 1118 1567 1919 1789 1653 1262 1853 1645 1803 1390 1023 1176 1001 1212 1620 1099 1032 1328 1288 1314 1067 1864 1967 1168 1996 1802 1849 1573 1948 1130 1719 1305 1895 1703 1750 1123 1595 1738 1496 1331 1464 1510 1111 1164 1870 1625 1523 1340 1563 1601 1060 1131 1712 1216 1776 1699 1680 1553 1293 1850 1010 1753 1405 1952 1135 1282 1276 1850 1282 1196 1613 1297 1105 1084 BCNSPRNW ULIB Ver.6.0+V

เปลี่ยนเป็นภาษาไทย

Change to English
 แสดงรายละเอียดบรรณานุกรม
  กลับหน้าหลัก

Brief Record : Get Marc (ISO 2709) : E-mail record : QR code < ปิดหน้าต่าง
LEADER : 00000nam 2200000uu 4500
001    13399123948
003     ULIB
008    141215s2556||||th 000 0 tha d
020    ^a9786165154581
060  4 ^aWL344^bม962
110 1  Nation Books
245 00 ^aไมเกรน :^bรักษาได้โดยไม่ใช้ยา /^cเรียบเรียงโดยกองบรรณาธิการ Nation Books ; บรรณาธิการ จิราวรรณ นันทพงศ์
250    ^aพิมพ์ครั้งแรก
260    ^aกรุงเทพฯ :^bเนชั่นบุ๊คส์,^c2556
300    ^a104, [2] หน้า :^bภาพประกอบ
500    ^aชื่อเรื่องจากปกนอก
650  7 ^aไมเกรน^xการรักษา
650  7 ^aการดูแลสุขภาพด้วยตนเอง
650  7 ^aปวดศีรษะ^xการรักษา
700 0  ^aจิราวรรณ นันทพงศ์,^eบรรณาธิการ
945    ^p100^l0^i22756
945    ^p100^l0^i22757
999    ^aทศพร เกษรทอง
รายการนี้ยังไม่มีแท็ก
คุณยังไม่ได้ล็อกอิน คุณสามารถมีกิจกรรมร่วมกับเว็บไซต์ได้ แต่ต้องล็อกอินก่อน ::
  ล็อกอิน

รายการสื่อสารสนเทศ

ลำดับที่ ประเภท เลขเรียก/บาร์โค้ด สถานที่ สถานะ
1. วิทยาศาสตร์การแพทย์ และสุขภาพ
วิทยาศาสตร์การแพทย์ และสุขภาพ
สถานะ=หนังสือเก่า
WL344 ม962 ฉ.1 
  Barcode: 22756
ห้องสมุดวิทยาเขตนครสวรรค์
►ส่วนจัดเก็บหนังสือเก่า นว.
บนชั้น
  ขอยืม
2. วิทยาศาสตร์การแพทย์ และสุขภาพ
วิทยาศาสตร์การแพทย์ และสุขภาพ
สถานะ=หนังสือเก่า
WL344 ม962 ฉ.2 
  Barcode: 22757
ห้องสมุดวิทยาเขตนครสวรรค์
►ส่วนจัดเก็บหนังสือเก่า นว.
บนชั้น
  ขอยืม

รายการใกล้เคียง
    หัวเรื่อง [การดูแลสุขภาพด้วยตนเอง]

BibComment


ยังไม่เคยถูกคอมเมนท์

คอมเมนท์ทรัพยากรรายการนี้
  คอมเมนท์: ไมเกรน รักษาได้..


 Copyright 2026. Bcnsprnw @Library